Post harvest innovation partnerships, learning and institutional change : (Record no. 8480)
[ view plain ]
| 000 -LEADER | |
|---|---|
| fixed length control field | 00736nam a22001932 4500 |
| 001 - CONTROL NUMBER | |
| control field | 0000013195 |
| 005 - DATE AND TIME OF LATEST TRANSACTION | |
| control field | 20151217152123.0 |
| 008 - FIXED-LENGTH DATA ELEMENTS--GENERAL INFORMATION | |
| fixed length control field | 090621s xx 000 0 eng d |
| 040 ## - CATALOGING SOURCE | |
| Original cataloging agency | KABU |
| Transcribing agency | KABU |
| 245 10 - TITLE STATEMENT | |
| Title | Post harvest innovation partnerships, learning and institutional change : |
| Remainder of title | proceedind of a consultation on post-harvest innovation 15-16 April 2003 Timber Trail Resorts-Himachal Pradesh, India / |
| Statement of responsibility, etc. | edited by Andy Hall. |
| 250 ## - EDITION STATEMENT | |
| Edition statement | 1st ed. |
| 260 ## - PUBLICATION, DISTRIBUTION, ETC. (IMPRINT) | |
| Place of publication, distribution, etc. | Himichal Pradesh : |
| Name of publisher, distributor, etc. | Post-Harvest Innovation, |
| Date of publication, distribution, etc. | 2003. |
| 300 ## - PHYSICAL DESCRIPTION | |
| Extent | 146 p. |
| 650 #0 - SUBJECT ADDED ENTRY--TOPICAL TERM | |
| Topical term or geographic name as entry element | Postharvest technology. |
| -- | 0000170349 |
| 700 1# - ADDED ENTRY--PERSONAL NAME | |
| Personal name | Hall, Andy. |
| -- | 0000170350 |
| 852 1# - LOCATION | |
| -- | p200 KES |
| 908 ## - PUT COMMAND PARAMETER (RLIN) | |
| Put command parameter | 090621 |
| 950 ## - LOCAL HOLDINGS (RLIN) | |
| -- | 1 |
| Withdrawn status | Lost status | Source of classification or shelving scheme | Not for loan | Home library | Current library | Date acquired | Total Checkouts | Full call number | Barcode | Date last seen | Price effective from | Koha item type |
|---|---|---|---|---|---|---|---|---|---|---|---|---|
| Library of Congress Classification | Kabarak, Main Campus | Kabarak, Main Campus | 17/12/2015 | S571 .P67 2003 c. 1 | 17894 | 17/12/2015 | 17/12/2015 | General Collection |